000 00556nam a2200193Ia 4500
003 GCL
008 140319s9999 xx 000 0 ara d
040 _aGCL /
_cGCL
082 0 4 _aط
_b813.087
_bد ع
100 1 _aدار الشروق
245 1 0 _aبندق الملك ميداس /
_cدار الشروق
260 _a[S.N] :
_bدار الشروق
300 _a35 ص
490 _aعالم ديزنى بندق عبر الزمن
_v0
650 0 4 _aالاطفال
650 0 4 _aقصص الاطفال
650 0 4 _aالمغامرات
942 _2ddc
_cBK
999 _c57931
_d57931